Statistics for Capitals that Start with J, E, T, P, U, N, K

Click here to take the quiz!

General Stats

  • This quiz has been taken 73 times
    (72 since last reset)
  • The average score is 25 of 53

Answer Stats

Answer% Correct
Ulaanbaatar
86%
Jakarta
74%
Jerusalem
71%
Tokyo
66%
Kyiv
63%
Paris
63%
Tashkent
63%
Tehran
63%
Juba
60%
Pristina
60%
Tunis
60%
Tallinn
57%
Nairobi
54%
Podgorica
54%
Thimphu
54%
Tirana
54%
Port-au-Prince
51%
Port Moresby
51%
Prague
51%
Taipei
51%
Kampala
49%
Kinshasa
49%
Panama City
49%
Port of Spain
49%
Tbilisi
49%
Tegucigalpa
49%
Kathmandu
46%
Kigali
46%
Port Louis
46%
Porto-Novo
46%
Pretoria
46%
Kuala Lumpur
43%
Port Vila
43%
Pyongyang
43%
Khartoum
40%
Kingston
40%
Kingstown
40%
Paramaribo
40%
Phnom Penh
40%
Nuku'alofa
37%
Praia
37%
Tripoli
37%
Kuwait City
34%
N'Djamena
34%
Nicosia
34%
Palikir
34%
Kabul
31%
Naypyidaw
31%
New Delhi
29%
Niamey
26%
Tarawa
26%
Nouakchott
23%
Nassau
20%

Score Distribution

Percentile by Number Answered

Percent of People with Each Score

Your Score History

You have not taken this quiz since the last reset